000 00669nam a2200217 4500
003 OSt
005 20240606082448.0
006 a
008 240606b |||||||| |||| 00| 0 eng d
020 _a9781259071515
040 _aDWCL-Main lib.
_cOC
082 _2eleventh edition
_aCirc. 338.5024 T455m 2013
100 _aThomas, Christopher R.
245 _aManagerial economics : foundations of business analysis and strategy /
260 _aNew York :
_bMcGraw-Hill,
_cc2013.
300 _axx,
_b748 p. : col. ill. ;
_c23 cm.
504 _aIncludes index.
650 _a1. Managerial economics.
700 _aChristopher R Thomas
942 _2ddc
_n0
_cBK-CIRC
_kCirc.
999 _c316
_d316